[Event "Greek Team Cup Final 8"]
[Site "chess24.com"]
[Date "2017.07.02"]
[Round "4"]
[White "Tsolakidou, Stavroula"]
[Black "Mastrovasilis, Athanasios"]
[Result "1-0"]
[Board "4"]
[WhiteElo "2359"]
[WhiteTitle "WGM"]
[WhiteCountry "GRE"]
[WhiteFideId "4264312"]
[WhiteEloChange "14"]
[BlackElo "2512"]
[BlackTitle "GM"]
[BlackCountry "GRE"]
[BlackFideId "4201990"]
[BlackEloChange "-7"]

1. d4 {[%clk 0:10:18]} d5 {[%clk 0:10:15]} 2. c4 {[%clk 0:10:26]} dxc4 {[%clk
0:10:24]} 3. Nf3 {[%clk 0:10:34]} Nf6 {[%clk 0:10:32]} 4. e3 {[%clk 0:10:43]} Bg4
{[%clk 0:10:40]} 5. Bxc4 {[%clk 0:10:49]} e6 {[%clk 0:10:49]} 6. h3 {[%clk
0:10:40]} Bh5 {[%clk 0:10:57]} 7. O-O {[%clk 0:10:45]} Nc6 {[%clk 0:10:51]} 8.
Be2 {[%clk 0:10:52]} Bd6 {[%clk 0:10:52]} 9. Nbd2 {[%clk 0:10:53]} O-O {[%clk
0:10:55]} 10. Nc4 {[%clk 0:10:59]} Ne7 {[%clk 0:10:47]} 11. b3 {[%clk 0:10:39]}
Ned5 {[%clk 0:10:54]} 12. Bb2 {[%clk 0:08:11]} Ne4 {[%clk 0:09:29]} 13. Rc1
{[%clk 0:06:53]} a5 {[%clk 0:09:05]} 14. a3 {[%clk 0:06:51]} Qe8 {[%clk 0:07:23]}
15. Qc2 {[%clk 0:06:14]} f5 {[%clk 0:06:42]} 16. Nfe5 {[%clk 0:04:44]} Bxe2
{[%clk 0:06:01]} 17. Qxe2 {[%clk 0:04:53]} b5 {[%clk 0:05:09]} 18. Nd2 {[%clk
0:03:08]} Bxe5 {[%clk 0:03:55]} 19. dxe5 {[%clk 0:02:27]} Nxd2 {[%clk 0:03:41]}
20. Qxd2 {[%clk 0:02:36]} a4 {[%clk 0:03:45]} 21. b4 {[%clk 0:02:21]} Rd8 {[%clk
0:02:47]} 22. Bd4 {[%clk 0:02:25]} Rf7 {[%clk 0:02:55]} 23. Qc2 {[%clk 0:02:04]}
g5 {[%clk 0:02:51]} 24. Qc6 {[%clk 0:01:36]} Rg7 {[%clk 0:01:38]} 25. Qxe8+
{[%clk 0:01:13]} Rxe8 {[%clk 0:01:47]} 26. Rc5 {[%clk 0:01:22]} Rb8 {[%clk
0:01:49]} 27. Rfc1 {[%clk 0:00:37]} Rd7 {[%clk 0:01:15]} 28. Rc6 {[%clk 0:00:39]}
Kf7 {[%clk 0:01:24]} 29. R1c5 {[%clk 0:00:32]} Rb7 {[%clk 0:00:59]} 30. Kf1
{[%clk 0:00:31]} Ne7 {[%clk 0:00:44]} 31. Ra6 {[%clk 0:00:39]} Rd5 {[%clk
0:00:50]} 32. Rc2 {[%clk 0:00:30]} h5 {[%clk 0:00:43]} 33. Ra8 {[%clk 0:00:30]}
g4 {[%clk 0:00:30]} 34. Rh8 {[%clk 0:00:21]} Kg7 {[%clk 0:00:17]} 35. Rxh5 {[%clk
0:00:19]} gxh3 {[%clk 0:00:23]} 36. Rxh3 {[%clk 0:00:28]} f4 {[%clk 0:00:21]} 37.
Bc5 {[%clk 0:00:16]} Ng6 {[%clk 0:00:29]} 38. e4 {[%clk 0:00:16]} Rd1+ {[%clk
0:00:25]} 39. Ke2 {[%clk 0:00:26]} Ra1 {[%clk 0:00:29]} 40. Rd2 {[%clk 0:00:17]}
c6 {[%clk 0:00:39]} 41. Rhd3 {[%clk 0:00:16]} Rf7 {[%clk 0:00:42]} 42. f3 {[%clk
0:00:16]} Nh4 {[%clk 0:00:25]} 43. Kf2 {[%clk 0:00:15]} Kh6 {[%clk 0:00:30]} 44.
Rd6 {[%clk 0:00:14]} Rg7 {[%clk 0:00:26]} 45. Rxe6+ {[%clk 0:00:14]} Kh5 {[%clk
0:00:26]} 46. g4+ {[%clk 0:00:12]} fxg3+ {[%clk 0:00:43]} 47. Ke2 {[%clk
0:00:18]} g2 {[%clk 0:00:46]} 48. Be3 {[%clk 0:00:14]} Ng6 {[%clk 0:00:26]} 49.
Rxc6 {[%clk 0:00:12]} g1Q {[%clk 0:00:19]} 50. Bxg1 {[%clk 0:00:20]} Rxg1 {[%clk
0:00:28]} 51. Ke3 {[%clk 0:00:16]} Nh4 {[%clk 0:00:11]} 52. e6 {[%clk 0:00:12]}
1-0

[Event "Greek Team Cup Final 8"]
[Site "chess24.com"]
[Date "2017.07.02"]
[Round "4"]
[White "Parligras, Mircea-Emilian"]
[Black "Kotronias, Vasilios"]
[Result "1-0"]
[Board "1"]
[WhiteElo "2612"]
[WhiteTitle "GM"]
[WhiteCountry "ROU"]
[WhiteFideId "1204297"]
[WhiteEloChange "3"]
[BlackElo "2500"]
[BlackTitle "GM"]
[BlackCountry "GRE"]
[BlackFideId "5900212"]
[BlackEloChange "-3"]

1. d4 {[%clk 1:30:30]} Nf6 {[%clk 0:10:16]} 2. c4 {[%clk 0:10:26]} g6 {[%clk
0:10:25]} 3. Nc3 {[%clk 0:10:26]} Bg7 {[%clk 0:10:25]} 4. e4 {[%clk 0:10:42]} d6
{[%clk 0:10:44]} 5. Nf3 {[%clk 0:10:50]} O-O {[%clk 0:10:52]} 6. h3 {[%clk
0:10:59]} e5 {[%clk 0:10:57]} 7. d5 {[%clk 0:11:07]} a5 {[%clk 0:11:05]} 8. Bg5
{[%clk 0:10:39]} Na6 {[%clk 0:11:06]} 9. Be2 {[%clk 0:10:36]} Qe8 {[%clk
0:11:01]} 10. Nd2 {[%clk 0:10:38]} Kh8 {[%clk 0:10:58]} 11. O-O {[%clk 0:10:38]}
Ng8 {[%clk 0:10:53]} 12. a3 {[%clk 0:10:27]} Bd7 {[%clk 0:10:54]} 13. b3 {[%clk
0:09:58]} f6 {[%clk 0:10:55]} 14. Be3 {[%clk 0:09:37]} Bh6 {[%clk 0:11:04]} 15.
Bxh6 {[%clk 0:09:18]} Nxh6 {[%clk 0:11:12]} 16. Rb1 {[%clk 0:09:24]} Nc5 {[%clk
0:10:38]} 17. b4 {[%clk 0:09:28]} axb4 {[%clk 0:10:47]} 18. axb4 {[%clk 0:09:36]}
Na4 {[%clk 0:10:56]} 19. Nxa4 {[%clk 0:09:24]} Rxa4 {[%clk 0:11:03]} 20. c5
{[%clk 0:09:16]} Ra2 {[%clk 0:10:08]} 21. Bc4 {[%clk 0:08:50]} Ra8 {[%clk
0:10:08]} 22. Qc2 {[%clk 0:08:31]} Qe7 {[%clk 0:10:15]} 23. Bd3 {[%clk 0:08:21]}
Rac8 {[%clk 0:09:33]} 24. c6 {[%clk 0:07:58]} bxc6 {[%clk 0:09:42]} 25. dxc6
{[%clk 0:08:07]} Be6 {[%clk 0:09:51]} 26. b5 {[%clk 0:07:49]} f5 {[%clk 0:09:42]}
27. Bc4 {[%clk 0:06:35]} fxe4 {[%clk 0:09:44]} 28. Bxe6 {[%clk 0:06:25]} Qxe6
{[%clk 0:09:52]} 29. Nxe4 {[%clk 0:06:29]} Nf5 {[%clk 0:09:59]} 30. Qb3 {[%clk
0:05:42]} Qxb3 {[%clk 0:09:11]} 31. Rxb3 {[%clk 0:05:51]} Nd4 {[%clk 0:09:18]}
32. Rb2 {[%clk 0:05:56]} Ra8 {[%clk 0:08:26]} 33. Rfb1 {[%clk 0:05:09]} Ra3
{[%clk 0:07:26]} 34. b6 {[%clk 0:04:58]} cxb6 {[%clk 0:07:29]} 35. Rxb6 {[%clk
0:04:52]} Ne2+ {[%clk 0:07:38]} 36. Kh2 {[%clk 0:04:36]} Nd4 {[%clk 0:04:14]} 37.
Rb8 {[%clk 0:04:22]} 1-0

[Event "Greek Team Cup Final 8"]
[Site "chess24.com"]
[Date "2017.07.02"]
[Round "4"]
[White "Papahristoudis, Anastasios"]
[Black "Galopoulos, Nikolaos"]
[Result "0-1"]
[Board "2"]
[WhiteElo "2094"]
[WhiteCountry "GRE"]
[WhiteFideId "4210069"]
[WhiteEloChange "-3"]
[BlackElo "2369"]
[BlackCountry "GRE"]
[BlackFideId "4208951"]
[BlackEloChange "3"]

1. d4 {[%clk 0:10:19]} Nf6 {[%clk 0:10:19]} 2. c4 {[%clk 0:10:28]} e6 {[%clk
0:10:28]} 3. Nc3 {[%clk 0:10:35]} Bb4 {[%clk 0:10:35]} 4. e3 {[%clk 0:10:38]} O-O
{[%clk 0:10:41]} 5. Bd3 {[%clk 0:10:43]} d5 {[%clk 0:10:34]} 6. cxd5 {[%clk
0:09:49]} exd5 {[%clk 0:10:39]} 7. Ne2 {[%clk 0:09:31]} c5 {[%clk 0:10:41]} 8. a3
{[%clk 0:09:33]} Bxc3+ {[%clk 0:10:41]} 9. bxc3 {[%clk 0:09:30]} b6 {[%clk
0:10:50]} 10. O-O {[%clk 0:09:05]} Ba6 {[%clk 0:10:59]} 11. Bxa6 {[%clk 0:09:05]}
Nxa6 {[%clk 0:11:05]} 12. a4 {[%clk 0:08:49]} Re8 {[%clk 0:11:10]} 13. a5 {[%clk
0:07:55]} Nc7 {[%clk 0:11:09]} 14. Qb3 {[%clk 0:07:24]} c4 {[%clk 0:10:52]} 15.
Qb4 {[%clk 0:07:07]} b5 {[%clk 0:11:02]} 16. Ba3 {[%clk 0:06:45]} Ne4 {[%clk
0:11:10]} 17. Ng3 {[%clk 0:06:32]} Nd2 {[%clk 0:11:09]} 18. Rfe1 {[%clk 0:06:16]}
Nb3 {[%clk 0:11:18]} 19. Rab1 {[%clk 0:05:47]} Re6 {[%clk 0:11:27]} 20. e4 {[%clk
0:04:49]} Rb8 {[%clk 0:11:36]} 21. Rxb3 {[%clk 0:03:32]} Na6 {[%clk 0:11:43]} 22.
Rbb1 {[%clk 0:03:10]} Nxb4 {[%clk 0:11:50]} 23. Bxb4 {[%clk 0:03:19]} dxe4 {[%clk
0:11:59]} 24. Rxe4 {[%clk 0:03:18]} Rxe4 {[%clk 0:12:05]} 25. Nxe4 {[%clk
0:03:27]} Qd5 {[%clk 0:12:14]} 26. Nd6 {[%clk 0:03:29]} Rd8 {[%clk 0:12:11]} 27.
Re1 {[%clk 0:03:28]} f6 {[%clk 0:11:53]} 0-1

[Event "Greek Team Cup Final 8"]
[Site "chess24.com"]
[Date "2017.07.02"]
[Round "4"]
[White "Gimnopoulos, Lazaros"]
[Black "Mitsis, Georgios"]
[Result "0-1"]
[Board "3"]
[WhiteElo "2051"]
[WhiteCountry "GRE"]
[WhiteFideId "4201736"]
[WhiteEloChange "-4"]
[BlackElo "2278"]
[BlackCountry "GRE"]
[BlackFideId "4295676"]
[BlackEloChange "4"]

1. e4 {[%clk 0:10:19]} c5 {[%clk 0:10:12]} 2. Nf3 {[%clk 0:10:27]} d6 {[%clk
0:10:21]} 3. d4 {[%clk 0:10:36]} Nf6 {[%clk 0:10:26]} 4. Nc3 {[%clk 0:10:45]}
cxd4 {[%clk 0:10:35]} 5. Nxd4 {[%clk 0:10:54]} a6 {[%clk 0:10:44]} 6. Bc4 {[%clk
0:10:38]} e6 {[%clk 0:10:45]} 7. Bb3 {[%clk 0:10:47]} Nbd7 {[%clk 0:10:52]} 8.
Be3 {[%clk 0:10:46]} Nc5 {[%clk 0:11:01]} 9. f3 {[%clk 0:10:49]} Be7 {[%clk
0:11:06]} 10. Qe2 {[%clk 0:10:57]} Qc7 {[%clk 0:11:06]} 11. g4 {[%clk 0:10:39]}
b5 {[%clk 0:10:54]} 12. g5 {[%clk 0:10:36]} Nfd7 {[%clk 0:11:01]} 13. h4 {[%clk
0:10:30]} Bb7 {[%clk 0:10:03]} 14. h5 {[%clk 0:09:35]} Ne5 {[%clk 0:08:04]} 15.
O-O-O {[%clk 0:06:45]} Nxb3+ {[%clk 0:04:44]} 16. axb3 {[%clk 0:06:37]} b4 {[%clk
0:04:49]} 17. Na4 {[%clk 0:06:28]} Nd7 {[%clk 0:04:44]} 18. g6 {[%clk 0:06:31]}
e5 {[%clk 0:03:12]} 19. Nf5 {[%clk 0:05:57]} hxg6 {[%clk 0:02:58]} 20. hxg6
{[%clk 0:06:04]} Rxh1 {[%clk 0:03:06]} 21. Rxh1 {[%clk 0:06:13]} fxg6 {[%clk
0:03:04]} 22. Nxg7+ {[%clk 0:06:21]} Kf7 {[%clk 0:03:13]} 23. Qh2 {[%clk
0:05:16]} Nf6 {[%clk 0:02:48]} 24. Qh6 {[%clk 0:05:17]} Rg8 {[%clk 0:02:41]} 25.
Nf5 {[%clk 0:03:57]} gxf5 {[%clk 0:02:47]} 26. exf5 {[%clk 0:04:05]} Bxf3 {[%clk
0:02:47]} 27. Rf1 {[%clk 0:03:54]} Be4 {[%clk 0:02:56]} 28. c4 {[%clk 0:03:46]}
bxc3 {[%clk 0:02:51]} 29. Nxc3 {[%clk 0:03:53]} d5 {[%clk 0:02:54]} 30. Kd1
{[%clk 0:03:40]} Bg2 {[%clk 0:02:33]} 31. Rf2 {[%clk 0:03:37]} d4 {[%clk
0:02:29]} 32. Nd5 {[%clk 0:03:29]} Bxd5 {[%clk 0:02:37]} 33. Bg5 {[%clk 0:03:33]}
Bxb3+ {[%clk 0:02:44]} 0-1

[Event "Greek Team Cup Final 8"]
[Site "chess24.com"]
[Date "2017.07.02"]
[Round "4"]
[White "Kalesis, Nikolaos"]
[Black "Kesidis, Odyseas"]
[Result "1-0"]
[Board "4"]
[WhiteElo "2464"]
[WhiteTitle "IM"]
[WhiteCountry "GRE"]
[WhiteFideId "4200438"]
[WhiteEloChange "2"]
[BlackElo "2202"]
[BlackCountry "GRE"]
[BlackFideId "4221796"]
[BlackEloChange "-4"]

1. d4 {[%clk 0:10:18]} Nf6 {[%clk 0:10:19]} 2. c4 {[%clk 0:10:26]} e6 {[%clk
0:10:28]} 3. Nc3 {[%clk 0:10:33]} Bb4 {[%clk 0:10:38]} 4. Qc2 {[%clk 0:10:41]}
O-O {[%clk 0:10:45]} 5. a3 {[%clk 0:10:50]} Bxc3+ {[%clk 0:10:54]} 6. Qxc3 {[%clk
0:10:58]} Ne4 {[%clk 0:11:02]} 7. Qc2 {[%clk 0:11:05]} f5 {[%clk 0:11:11]} 8. g3
{[%clk 0:11:11]} b6 {[%clk 0:11:02]} 9. Bg2 {[%clk 0:11:19]} Bb7 {[%clk 0:11:09]}
10. Nf3 {[%clk 0:11:27]} Nf6 {[%clk 0:11:14]} 11. O-O {[%clk 0:11:33]} Be4 {[%clk
0:11:23]} 12. Qd1 {[%clk 0:11:38]} d6 {[%clk 0:11:28]} 13. b4 {[%clk 0:11:41]}
Nbd7 {[%clk 0:11:34]} 14. a4 {[%clk 0:11:42]} a5 {[%clk 0:11:06]} 15. bxa5 {[%clk
0:11:50]} Rxa5 {[%clk 0:11:10]} 16. Bd2 {[%clk 0:11:57]} Ra8 {[%clk 0:11:16]} 17.
a5 {[%clk 0:12:02]} bxa5 {[%clk 0:11:15]} 18. Bxa5 {[%clk 0:11:16]} Ra7 {[%clk
0:11:11]} 19. Bc3 {[%clk 0:10:40]} Rxa1 {[%clk 0:10:50]} 20. Qxa1 {[%clk
0:10:43]} h6 {[%clk 0:10:52]} 21. Qa7 {[%clk 0:10:16]} Nb6 {[%clk 0:10:28]} 22.
c5 {[%clk 0:09:21]} Nbd5 {[%clk 0:10:27]} 23. Bd2 {[%clk 0:09:27]} Qa8 {[%clk
0:09:55]} 24. Ra1 {[%clk 0:09:29]} Qxa7 {[%clk 0:10:04]} 25. Rxa7 {[%clk
0:09:37]} Rb8 {[%clk 0:10:13]} 26. Bf1 {[%clk 0:08:19]} dxc5 {[%clk 0:07:00]} 27.
dxc5 {[%clk 0:08:18]} Rb5 {[%clk 0:07:04]} 28. Nd4 {[%clk 0:07:28]} Rxc5 {[%clk
0:06:57]} 29. f3 {[%clk 0:07:36]} Bc2 {[%clk 0:06:14]} 30. Nxe6 {[%clk 0:07:26]}
Rb5 {[%clk 0:05:36]} 31. Nxc7 {[%clk 0:06:34]} Nxc7 {[%clk 0:04:13]} 32. Rxc7
{[%clk 0:06:42]} Bb3 {[%clk 0:04:21]} 33. e4 {[%clk 0:06:14]} Re5 {[%clk
0:03:43]} 34. Bc3 {[%clk 0:06:07]} Re8 {[%clk 0:03:25]} 35. exf5 {[%clk 0:06:01]}
Bd5 {[%clk 0:03:17]} 36. Kf2 {[%clk 0:06:03]} Ra8 {[%clk 0:03:15]} 37. g4 {[%clk
0:05:52]} Bf7 {[%clk 0:02:28]} 38. Bxf6 {[%clk 0:05:45]} gxf6 {[%clk 0:02:32]}
39. Bc4 {[%clk 0:05:37]} Bxc4 {[%clk 0:02:24]} 40. Rxc4 {[%clk 0:05:46]} Ra7
{[%clk 0:02:19]} 41. Kg3 {[%clk 0:05:19]} Kg7 {[%clk 0:02:28]} 42. Kh4 {[%clk
0:05:27]} Rb7 {[%clk 0:01:31]} 43. Kh5 {[%clk 0:05:31]} Ra7 {[%clk 0:00:27]} 44.
f4 {[%clk 0:05:31]} Rd7 {[%clk 0:00:20]} 45. h4 {[%clk 0:05:23]} Kh7 {[%clk
0:00:14]} 46. Rc6 {[%clk 0:05:19]} Kg7 {[%clk 0:00:22]} 47. g5 {[%clk 0:05:10]}
hxg5 {[%clk 0:00:24]} 48. fxg5 {[%clk 0:05:11]} fxg5 {[%clk 0:00:23]} 49. hxg5
{[%clk 0:05:19]} Ra7 {[%clk 0:00:18]} 50. Re6 {[%clk 0:05:14]} Rb7 {[%clk
0:00:14]} 51. Re7+ {[%clk 0:04:53]} Rxe7 {[%clk 0:00:20]} 52. f6+ {[%clk
0:05:01]} Kf7 {[%clk 0:00:26]} 53. fxe7 {[%clk 0:05:10]} Kxe7 {[%clk 0:00:35]}
54. Kh6 {[%clk 0:05:18]} Kf7 {[%clk 0:00:38]} 55. Kh7 {[%clk 0:05:18]} 1-0

[Event "Greek Team Cup Final 8"]
[Site "chess24.com"]
[Date "2017.07.02"]
[Round "5"]
[White "Kotronias, Vasilios"]
[Black "Parligras, Mircea-Emilian"]
[Result "0-1"]
[Board "1"]
[WhiteElo "2500"]
[WhiteTitle "GM"]
[WhiteCountry "GRE"]
[WhiteFideId "5900212"]
[WhiteEloChange "-3"]
[BlackElo "2612"]
[BlackTitle "GM"]
[BlackCountry "ROU"]
[BlackFideId "1204297"]
[BlackEloChange "3"]

1. e4 {[%clk 0:05:05]} e5 {[%clk 0:05:05]} 2. Nf3 {[%clk 0:05:07]} Nc6 {[%clk
0:05:07]} 3. d4 {[%clk 0:05:09]} exd4 {[%clk 0:05:09]} 4. Nxd4 {[%clk 0:05:11]}
Nf6 {[%clk 0:05:11]} 5. Nxc6 {[%clk 0:05:13]} bxc6 {[%clk 0:05:12]} 6. e5 {[%clk
0:05:15]} Qe7 {[%clk 0:05:13]} 7. Qe2 {[%clk 0:05:18]} Nd5 {[%clk 0:05:15]} 8.
Nd2 {[%clk 0:05:20]} g6 {[%clk 0:05:07]} 9. c4 {[%clk 0:05:02]} Ba6 {[%clk
0:05:03]} 10. Nf3 {[%clk 0:04:19]} Rb8 {[%clk 0:04:33]} 11. a3 {[%clk 0:03:51]}
Bg7 {[%clk 0:04:25]} 12. Bg5 {[%clk 0:03:11]} f6 {[%clk 0:04:22]} 13. exf6 {[%clk
0:03:13]} Qxe2+ {[%clk 0:04:15]} 14. Bxe2 {[%clk 0:03:14]} Nxf6 {[%clk 0:04:14]}
15. Bd3 {[%clk 0:02:30]} O-O {[%clk 0:04:00]} 16. O-O-O {[%clk 0:02:00]} Ng4
{[%clk 0:03:42]} 17. Rd2 {[%clk 0:02:01]} Rb3 {[%clk 0:03:36]} 18. Bc2 {[%clk
0:01:07]} Bxb2+ {[%clk 0:03:21]} 19. Kd1 {[%clk 0:00:59]} Rxa3 {[%clk 0:03:18]}
20. Bb1 {[%clk 0:00:31]} Bc3 {[%clk 0:03:07]} 21. Ra2 {[%clk 0:00:14]} Rxa2
{[%clk 0:03:07]} 22. Bxa2 {[%clk 0:00:17]} Nxf2+ {[%clk 0:02:59]} 23. Kc2 {[%clk
0:00:17]} Nxh1 {[%clk 0:03:05]} 24. Kxc3 {[%clk 0:00:22]} Kg7 {[%clk 0:02:44]}
25. Be3 {[%clk 0:00:20]} d6 {[%clk 0:02:36]} 26. Bd4+ {[%clk 0:00:16]} Kg8 {[%clk
0:02:34]} 27. c5+ {[%clk 0:00:09]} d5 {[%clk 0:02:36]} 28. Ne5 {[%clk 0:00:19]}
Bb5 {[%clk 0:02:15]} 29. Ng4 {[%clk 0:00:15]} h5 {[%clk 0:02:15]} 30. Nf6+ {[%clk
0:00:13]} Kf7 {[%clk 0:02:12]} 31. Bb1 {[%clk 0:00:07]} Ke7 {[%clk 0:01:36]} 0-1

[Event "Greek Team Cup Final 8"]
[Site "chess24.com"]
[Date "2017.07.02"]
[Round "5"]
[White "Galopoulos, Nikolaos"]
[Black "Papahristoudis, Anastasios"]
[Result "1-0"]
[Board "2"]
[WhiteElo "2369"]
[WhiteCountry "GRE"]
[WhiteFideId "4208951"]
[WhiteEloChange "3"]
[BlackElo "2094"]
[BlackCountry "GRE"]
[BlackFideId "4210069"]
[BlackEloChange "-3"]

1. d4 {[%clk 0:05:05]} d5 {[%clk 0:05:06]} 2. c4 {[%clk 0:05:07]} e6 {[%clk
0:05:08]} 3. Nf3 {[%clk 0:05:10]} Nf6 {[%clk 0:05:00]} 4. g3 {[%clk 0:05:10]}
Bb4+ {[%clk 0:05:12]} 5. Nbd2 {[%clk 0:05:14]} dxc4 {[%clk 0:05:11]} 6. Qc2
{[%clk 0:05:15]} O-O {[%clk 0:04:28]} 7. Qxc4 {[%clk 0:05:17]} Qe7 {[%clk
0:03:56]} 8. Bg2 {[%clk 0:05:19]} a6 {[%clk 0:02:33]} 9. Qc2 {[%clk 0:05:03]} Nc6
{[%clk 0:01:49]} 10. O-O {[%clk 0:04:54]} e5 {[%clk 0:01:45]} 11. dxe5 {[%clk
0:04:44]} Ng4 {[%clk 0:01:26]} 12. Nc4 {[%clk 0:04:46]} Ncxe5 {[%clk 0:01:00]}
13. Nfxe5 {[%clk 0:04:45]} Nxe5 {[%clk 0:00:59]} 14. Nxe5 {[%clk 0:04:47]} Qxe5
{[%clk 0:01:01]} 15. Bf4 {[%clk 0:04:49]} Qh5 {[%clk 0:00:29]} 16. a3 {[%clk
0:04:16]} Bd6 {[%clk 0:00:14]} 17. Bxd6 {[%clk 0:04:17]} cxd6 {[%clk 0:00:17]}
18. Rfd1 {[%clk 0:04:16]} 1-0

[Event "Greek Team Cup Final 8"]
[Site "chess24.com"]
[Date "2017.07.02"]
[Round "5"]
[White "Mitsis, Georgios"]
[Black "Gimnopoulos, Lazaros"]
[Result "1-0"]
[Board "3"]
[WhiteElo "2278"]
[WhiteCountry "GRE"]
[WhiteFideId "4295676"]
[WhiteEloChange "4"]
[BlackElo "2051"]
[BlackCountry "GRE"]
[BlackFideId "4201736"]
[BlackEloChange "-4"]

1. d4 {[%clk 0:05:04]} c5 {[%clk 0:05:06]} 2. d5 {[%clk 0:05:04]} e6 {[%clk
0:04:58]} 3. Nc3 {[%clk 0:04:39]} d6 {[%clk 0:05:02]} 4. e4 {[%clk 0:04:40]} a6
{[%clk 0:05:02]} 5. a4 {[%clk 0:04:42]} g6 {[%clk 0:04:37]} 6. Nf3 {[%clk
0:04:40]} Bg7 {[%clk 0:04:36]} 7. Be2 {[%clk 0:04:37]} Nf6 {[%clk 0:04:17]} 8.
O-O {[%clk 0:04:37]} exd5 {[%clk 0:04:08]} 9. exd5 {[%clk 0:04:39]} O-O {[%clk
0:04:09]} 10. Bf4 {[%clk 0:04:40]} Nh5 {[%clk 0:04:07]} 11. Bg5 {[%clk 0:04:42]}
Bf6 {[%clk 0:04:05]} 12. Bh6 {[%clk 0:04:40]} Bg7 {[%clk 0:03:58]} 13. Bxg7
{[%clk 0:04:38]} Kxg7 {[%clk 0:03:50]} 14. Qd2 {[%clk 0:04:32]} Nd7 {[%clk
0:03:35]} 15. Ne4 {[%clk 0:04:24]} Qe7 {[%clk 0:02:59]} 16. Qc3+ {[%clk 0:04:11]}
Nhf6 {[%clk 0:02:26]} 17. Nfd2 {[%clk 0:03:18]} Kg8 {[%clk 0:02:26]} 18. Nxf6+
{[%clk 0:03:20]} Nxf6 {[%clk 0:02:02]} 19. Bf3 {[%clk 0:03:21]} Bg4 {[%clk
0:01:38]} 20. Rae1 {[%clk 0:03:05]} Qd8 {[%clk 0:01:40]} 21. Bxg4 {[%clk
0:03:01]} Nxg4 {[%clk 0:01:43]} 22. Ne4 {[%clk 0:03:03]} f5 {[%clk 0:01:40]} 23.
Nd2 {[%clk 0:02:50]} Re8 {[%clk 0:01:34]} 24. Rxe8+ {[%clk 0:02:44]} Qxe8 {[%clk
0:01:36]} 25. Nc4 {[%clk 0:02:46]} Qf8 {[%clk 0:01:13]} 26. Qg3 {[%clk 0:02:29]}
Rd8 {[%clk 0:01:06]} 27. Qb3 {[%clk 0:02:31]} Rd7 {[%clk 0:00:48]} 28. Re1 {[%clk
0:02:31]} Nf6 {[%clk 0:00:49]} 29. Re6 {[%clk 0:02:15]} Re7 {[%clk 0:00:19]} 30.
h3 {[%clk 0:00:59]} Rxe6 {[%clk 0:00:12]} 31. dxe6 {[%clk 0:01:00]} Qe7 {[%clk
0:00:10]} 32. Nb6 {[%clk 0:00:58]} Kg7 {[%clk 0:00:07]} 33. Qe3 {[%clk 0:00:17]}
d5 {[%clk 0:00:07]} 34. Qe5 {[%clk 0:00:18]} Kg8 {[%clk 0:00:00]} 35. Nxd5 {[%clk
0:00:11]} 1-0

[Event "Greek Team Cup Final 8"]
[Site "chess24.com"]
[Date "2017.07.02"]
[Round "5"]
[White "Kesidis, Odyseas"]
[Black "Kalesis, Nikolaos"]
[Result "0-1"]
[Board "4"]
[WhiteElo "2202"]
[WhiteCountry "GRE"]
[WhiteFideId "4221796"]
[WhiteEloChange "-4"]
[BlackElo "2464"]
[BlackTitle "IM"]
[BlackCountry "GRE"]
[BlackFideId "4200438"]
[BlackEloChange "2"]

1. e4 {[%clk 0:05:03]} c5 {[%clk 0:05:05]} 2. c3 {[%clk 0:05:05]} d5 {[%clk
0:05:05]} 3. exd5 {[%clk 0:05:08]} Qxd5 {[%clk 0:05:06]} 4. d4 {[%clk 0:05:10]}
Nf6 {[%clk 0:05:06]} 5. Nf3 {[%clk 0:05:12]} cxd4 {[%clk 0:05:02]} 6. cxd4 {[%clk
0:05:14]} e6 {[%clk 0:05:03]} 7. Nc3 {[%clk 0:05:15]} Qd6 {[%clk 0:05:05]} 8. Bd3
{[%clk 0:05:05]} Be7 {[%clk 0:05:03]} 9. O-O {[%clk 0:05:00]} Nc6 {[%clk
0:05:03]} 10. a3 {[%clk 0:04:18]} O-O {[%clk 0:04:56]} 11. Be3 {[%clk 0:04:19]}
b6 {[%clk 0:05:02]} 12. Qe2 {[%clk 0:04:17]} Bb7 {[%clk 0:05:02]} 13. Rad1 {[%clk
0:04:19]} Rad8 {[%clk 0:04:54]} 14. Bb1 {[%clk 0:04:14]} Qb8 {[%clk 0:04:54]} 15.
Rfe1 {[%clk 0:04:14]} Rfe8 {[%clk 0:04:43]} 16. Bg5 {[%clk 0:04:13]} g6 {[%clk
0:03:46]} 17. Ba2 {[%clk 0:04:15]} Nd5 {[%clk 0:03:05]} 18. Nxd5 {[%clk 0:03:50]}
exd5 {[%clk 0:02:55]} 19. Qd2 {[%clk 0:03:29]} Bxg5 {[%clk 0:02:52]} 20. Qxg5
{[%clk 0:03:28]} Rxe1+ {[%clk 0:02:29]} 21. Rxe1 {[%clk 0:03:30]} Qd6 {[%clk
0:02:29]} 22. h4 {[%clk 0:03:12]} f6 {[%clk 0:01:43]} 23. Qg4 {[%clk 0:03:07]}
Bc8 {[%clk 0:01:41]} 24. Qg3 {[%clk 0:03:02]} Qxg3 {[%clk 0:01:42]} 25. fxg3
{[%clk 0:03:03]} Kf7 {[%clk 0:01:34]} 26. Kf2 {[%clk 0:02:47]} Bf5 {[%clk
0:01:28]} 27. Rc1 {[%clk 0:02:40]} Ne7 {[%clk 0:01:27]} 28. Rc7 {[%clk 0:02:39]}
Rd7 {[%clk 0:01:19]} 29. Rxd7 {[%clk 0:02:38]} Bxd7 {[%clk 0:01:22]} 30. Ke3
{[%clk 0:01:50]} h6 {[%clk 0:01:24]} 31. Kd3 {[%clk 0:01:12]} Ke6 {[%clk
0:01:22]} 32. Ng1 {[%clk 0:01:03]} Kd6 {[%clk 0:01:06]} 33. Kc3 {[%clk 0:00:35]}
g5 {[%clk 0:01:01]} 34. hxg5 {[%clk 0:00:36]} hxg5 {[%clk 0:00:57]} 35. Nf3
{[%clk 0:00:13]} Nf5 {[%clk 0:00:54]} 36. g4 {[%clk 0:00:08]} Ne3 {[%clk
0:00:56]} 37. Nd2 {[%clk 0:00:04]} Nxg2 {[%clk 0:00:53]} 38. Bb1 Bxg4 {[%clk
0:00:52]} 39. Bd3 Nf4 {[%clk 0:00:53]} 40. Bf1 {[%clk 0:00:06]} Be2 {[%clk
0:00:54]} 41. Bxe2 {[%clk 0:00:07]} Nxe2+ {[%clk 0:00:56]} 0-1